<?xml version="1.0" encoding="UTF-8"?>
<marc:record xmlns:marc="http://www.loc.gov/MARC21/slim">
   <marc:leader>00000nam a2200000 a 4500</marc:leader>
   <marc:datafield ind1="0" ind2="0" tag="245">
      <marc:subfield code="a">The Sessions</marc:subfield>
   </marc:datafield>
   <marc:datafield ind1="0" ind2="0" tag="245">
      <marc:subfield code="b">Wenn Worte berühren</marc:subfield>
   </marc:datafield>
   <marc:datafield ind1="0" ind2="0" tag="245">
      <marc:subfield code="c">Ben Lewin</marc:subfield>
   </marc:datafield>
   <marc:datafield ind1=" " ind2="1" tag="264">
      <marc:subfield code="b">Twentieth Century Fox</marc:subfield>
      <marc:subfield code="c">2013</marc:subfield>
   </marc:datafield>
   <marc:datafield ind1="1" ind2=" " tag="520">
      <marc:subfield code="a">Mark O'Brien leidet an Kinderlähmung. Das heißt, er ist zur beinahe vollkommenen Bewegungsunfähigkeit verdammt und muss die meiste Zeit des Tages in einer Eisernen Lunge verbringen. Im Alter von 38 Jahren fasst der eloquente Schriftsteller und begabte Poet einen ungewöhnlichen Entschluss. Er will Sex haben. Nachdem er sich beim örtlichen Pfarrer die "Erlaubnis" dazu geholt hat, findet Mark in der Sex-Therapeutin Cheryl, die sich auf derartige Fälle spezialisiert hat, die ideale Partnerin, um endlich seine Unschuld zu verlieren.</marc:subfield>
   </marc:datafield>
   <marc:datafield ind1="0" ind2=" " tag="490">
      <marc:subfield code="v">0</marc:subfield>
   </marc:datafield>
   <marc:datafield ind1=" " ind2=" " tag="300">
      <marc:subfield code="a">1 DVD</marc:subfield>
   </marc:datafield>
</marc:record>
